Sports Quiz

Random Sports or MLB Quiz
Score 0/9 Timer 03:00
11 Plays Today
Hits Player % Correct
2,844*Ivan Rodriguez
94.3%
2,048*Johnny Bench
93%
2,127*Mike Piazza
87.1%
2,356*Carlton Fisk
80.7%
2,150*Yogi Berra
79.7%
2,092*Gary Carter
72.7%
2,195Jason Kendall
41.3%
2,472*Ted Simmons
40%
2,043A. J. Pierzynski
31.6%

You're not logged in!

Compare scores with friends on all Sporcle quizzes.
OR
Log In

Sporcle TV

Today on Sporcle TV


Watch our educational content, quiz creation guides, and fun videos on Sporcle TV.

Show Comments

Extras

Top Quizzes Today


Score Distribution

Paid Content

Your Account Isn't Verified!

In order to create a playlist on Sporcle, you need to verify the email address you used during registration. Go to your Sporcle Settings to finish the process.

Report this User

Report this user for behavior that violates our Community Guidelines.

Details: